| 000 | 00572 a2200205 4500 | ||
|---|---|---|---|
| 005 | 20260408113753.0 | ||
| 008 | 260408b |||||||| |||| 00| 0 eng d | ||
| 020 |
_a9788198751201 _cRs. 895.00 |
||
| 040 | _aMAIN | ||
| 082 |
_a320.954 _bS23I(2) |
||
| 100 | _aSharma, Nirbhay | ||
| 245 | _aIndian polity and governance: For civil services and state service examinations | ||
| 250 | _a2nd | ||
| 260 |
_bOakBridge Publishing _c2025 _aGurugram |
||
| 300 | _av. | ||
| 650 | _aPolitical Science | ||
| 650 | _aIndian Polity | ||
| 650 | _aGovernance- India | ||
| 942 | _cBK | ||
| 999 |
_c394460 _d394460 |
||